| 000 | 01068cad a22002295a 4500 | ||
|---|---|---|---|
| 001 | E149839 | ||
| 008 | 100504s2010 xxk f 000 0 eng d | ||
| 035 | _a(Sirsi) u149839 | ||
| 041 | 0 | _aeng | |
| 050 | 0 | 4 | _a690.241 $2 18 |
| 110 | 2 |
_aHistoric Scotland _92914 |
|
| 245 | 0 | 0 |
_aINFORM, information for historic building owners _btimber window shutters _h[electronic resource] |
| 260 |
_aEdinburgh _bHistoric Scotland _c2010 |
||
| 490 | 0 | _aInform | |
| 520 | _aOutlines the benefits of timber window shutters in terms of energy efficiency, and looks at the history of their use in Scotland. Also discusses methods of construction, common problems, repair and maintenance of shutters and reinstatement of missing shutters. | ||
| 521 | _aIntroductory | ||
| 590 | _aKA | ||
| 651 | 4 |
_aScotland _y1999- |
|
| 690 | _aBUILT ENVIRONMENT-BUILDING TYPES-ANCIENT MONUMENTS AND HISTORIC BUILDINGS | ||
| 856 | 4 | 0 |
_uhttps://www.historic-scotland.gov.uk/publicationsresultsdetail.htm?id=4bdf71d37 _zView the leaflet free of charge at www.historic-scotland.gov.uk... |
| 942 | _n0 | ||
| 999 |
_c110648 _d110648 |
||